La atención de los enfermos y discapacitados en el hogar: retos para un sistema de salud mexicano /
Salvato in:
| Autore principale: | |
|---|---|
| Altri autori: | , , |
| Natura: | testo |
| Soggetti: | |
| Tags: |
Aggiungi Tag
Nessun Tag, puoi essere il primo ad aggiungerne!!
|
MARC
| LEADER | 00000 a a2200000 04500 | ||
|---|---|---|---|
| 001 | 17271 | ||
| 003 | |||
| 040 | |||
| 100 | |a Nigenda, Gustavo | ||
| 245 | |a La atención de los enfermos y discapacitados en el hogar: |b retos para un sistema de salud mexicano / |c Gustavo Nigenda ; Mariana López-Ortega ; Cecilia Matarazzo ; Clara Juárez-Ramírez | ||
| 650 | |a ADULTEZ MAYOR | ||
| 650 | |a SALUD PUBLICA | ||
| 650 | |a SALUD | ||
| 650 | |a MEXICO | ||
| 700 | |a López-Ortega, Mariana | ||
| 700 | |a Matarazzo, Cecilia | ||
| 700 | |a Juárez-Ramírez, Clara | ||
| 773 | |g volumen 49, número 4; páginas 286-294 | ||
| 999 | |c 35251 |d 35251 | ||
